000 00592nam a22001697a 4500
003 OSt
005 20171010095505.0
008 120808t xxu||||| |||| 00| 0 eng d
040 _aMMSU
_cULS
100 _aLayaoen, Heraldo L.
_911919
245 _aRow spacing and irrigation for mungo (Vigna radiata (L.) Wilzeck) during the dry season
_cHeraldo L. Layaoen
260 _c1978
300 _axviii, 135 leaves
_c28 cm.
500 _aThesis (MS Agronomy-Crop Production) -- University of the Philippines, Los BaƱos, Laguna
504 _aBibliography: leaves 125-133
942 _2ddc
_cTHEDIS
999 _c9677
_d9677